A guide to the Project management body of knowledge: PMBOK Guide
Gardado en:
| Autor Corporativo: | |
|---|---|
| Formato: | Libro |
| Idioma: | inglés |
| Publicado: |
s.l
Project Management Institute
2013
|
| Edición: | 5a. ed |
| Subjects: | |
| Tags: |
Engadir etiqueta
Sen Etiquetas, Sexa o primeiro en etiquetar este rexistro!
|
MARC
| LEADER | 00000cam a2200000 a 4500 | ||
|---|---|---|---|
| 001 | UCE5353 | ||
| 003 | CL-VaPUC | ||
| 008 | 141230e20130000us |||||||||||||||||eng|d | ||
| 020 | |a 9781935589679 | ||
| 082 | 0 | 4 | |a 658.404 |b PRO |2 21 |
| 110 | 2 | |a Project Management Institute |e author |9 577946 | |
| 245 | 1 | 2 | |a A guide to the Project management body of knowledge: PMBOK Guide |
| 250 | |a 5a. ed | ||
| 300 | |a 589 p | ||
| 942 | |c BK | ||
| 945 | |d 20141230 16:04:00 |a dcastane | ||
| 260 | |a s.l |b Project Management Institute |c 2013 | ||
| 650 | 0 | |a Gestión de proyectos |9 260970 | |
| 650 | 0 | |a Planificación estratégica |9 259735 | |
| 999 | |c 358100 |d 358098 | ||
| 583 | |k Rodrigo Vera | ||
| 952 | |0 0 |1 0 |3 erb |4 0 |6 658_404000000000000_PRO_2013 |7 0 |8 A |9 466485 |a BIBING |b BIBING |i 5133211 |o 658.404 PRO 2013 |p 5133211 |r 2025-01-20 |w 2019-11-23 |y BK |z Catalogado en:20141230 |k CIC | ||